| 000 | 00855na a2200265 4500 | ||
|---|---|---|---|
| 001 | 23846 | ||
| 003 | MIRAKIL | ||
| 005 | 20181213155258.0 | ||
| 008 | 180104b tu 000 0 | ||
| 020 | _a9789751957252 | ||
| 040 |
_aMilas _btur _cTR-AnCHP |
||
| 041 | _atur | ||
| 082 |
_a819.12 _bÜ55d 2013 |
||
| 090 | _a819.12 Ü55d 2013 | ||
| 100 |
_aÜmmi Sinan Halveti _d1567-1657 |
||
| 245 |
_aDivan-ı ilahiyat _cÜmmi Sinan Halveti ; hazırlayan Sadık Yalsızuçanlar |
||
| 260 |
_aAnkara _bDiyanet İşleri Başkanlığı (DİB) _c2013 _fNumune matbaacılık |
||
| 300 |
_a327 s. _c17 sm. |
||
| 440 |
_aDiyanet İşleri Başkanlığı Yayınları _v943 |
||
| 490 |
_aEdebi eserler _v23 |
||
| 650 |
_aEdebiyat _xDivan şiiri |
||
| 700 |
_aYalsızuçanlar, Sadık _ehaz. |
||
| 710 | _aDiyanet İşleri Başkanlığı (DİB) | ||
| 942 |
_2ddc _cBKS |
||
| 999 |
_c9862 _d9862 |
||